00297nam a2200121Ia 4500008004100000041000800041082001400049100001600063245002400079260002900103300003200132365001100164240624s9999 xx 000 0 und d aeng a519.5 THU aTHUKRAL J K aBUSINESS STATISTICS c2010aNew DelhibTaxmann ai-16, : 316 : p. : cm. ; 23 cRSb28